Central Library OPAC University of Rajshahi

The Angami Nagas : (Record no. 28083)

MARC details
000 -LEADER
fixed length control field 00824nam a2200253 4500
001 - CONTROL NUMBER
control field 28083
003 - CONTROL NUMBER IDENTIFIER
rucl marc code BD-RjUL
005 - DATE AND TIME OF LATEST TRANSACTION
control field 20211209051233.0
008 - FIXED-LENGTH DATA ELEMENTS--GENERAL INFORMATION
fixed length control field 140329s1969 enkabef b 001 0 eng d
035 ## - SYSTEM CONTROL NUMBER
System control number (BD-RjUL)28164
040 ## - CATALOGING SOURCE
Original cataloging agency BD-RjUL
Language of cataloging eng
Transcribing agency BD-RjUL
Modifying agency BD-RjUL
041 ## - LANGUAGE CODE
Language code of text/sound track or separate title eng
082 ## - DEWEY DECIMAL CLASSIFICATION NUMBER
Classification number 954.16
Author mark and year HUA 1969
100 1# - MAIN ENTRY--PERSONAL NAME
Personal name Hutton, J. H.
Fuller form of name (John Henry),
Dates associated with a name 1885-1968.
9 (RLIN) 86095
245 14 - TITLE STATEMENT
Title The Angami Nagas :
Remainder of title with some notes on neighbouring tribes /
Statement of responsibility, etc. J. H. Hutton
250 ## - EDITION STATEMENT
Edition statement 2nd ed
260 ## - PUBLICATION, DISTRIBUTION, ETC. (IMPRINT)
Place of publication, distribution, etc. Oxford University Press :
Name of publisher, distributor, etc. London,
Date of publication, distribution, etc. 1969
300 ## - PHYSICAL DESCRIPTION
Pagination xvii, 499 p., 41 plates (4 fold.) :
Illustrations ill., maps ;
Size 23 cm
500 ## - GENERAL NOTE
General note "Published by direction of the Government of Nagaland" - t.p.
650 #0 - SUBJECT ADDED ENTRY--TOPICAL TERM
Topical term or geographic name as entry element Angami (Indic people)
9 (RLIN) 86096
942 ## - ADDED ENTRY ELEMENTS (KOHA)
Source of classification or shelving scheme Dewey Decimal Classification
Koha item type Books
Holdings
Lost status Source of classification or shelving scheme Damaged status Not for loan Collection code Permanent Location Current Location Shelving location Date acquired Source of acquisition Total Checkouts Full call number Date last seen Copy number Koha item type
  Dewey Decimal Classification   Added to bundle Non-fiction Central Library, University of Rajshahi Central Library, University of Rajshahi Reading Room 07/05/1974 OXFORD   954.16 HUA 1969 29/03/2014 C-1 Books